| 000 | 00828nam a22002057a 4500 | ||
|---|---|---|---|
| 999 |
_c14281 _d14281 |
||
| 003 | AR-CdUCM | ||
| 008 | 190422b ||||| |||| 00| 0 spa d | ||
| 040 |
_aMUNICIPALIDAD PROVINCIAL DEL CUSCO _cBIBLIOTECA MUNICIPAL DEL CUSCO |
||
| 082 |
_aC / 693 / _bT31 |
||
| 110 |
_aAngulo Hart S. A. _933002 |
||
| 245 | _aRecomendaciones técnicas para la reparación en edificaciones de adobe y quincha dañadas por movimientos sísmicos / | ||
| 260 |
_aCusco : _c1986. |
||
| 300 |
_a23 páginas ; _c15 cm. |
||
| 505 | _aContenido : Demolición -- Reparación de rajaduras verticales que aparecen en la un ion de muros en escuadra -- Rajaduras en vanos de puertas y ventanas ... | ||
| 650 |
_aTécnicas _9975 |
||
| 650 |
_aReparación _918247 |
||
| 650 |
_aConstrucción _94996 |
||
| 942 |
_2ddc _cFOLLETOS |
||
| 945 |
_arah _d22/04/2019 |
||